Epistemología general o crítica del conocimiento
Zapisane w:
| 1. autor: | |
|---|---|
| Format: | Książka |
| Język: | hiszpański |
| Wydane: |
Barcelona
Herder
1979
|
| Seria: | Curso de Filosofia Tomista, 2
|
| Hasła przedmiotowe: | |
| Etykiety: |
Dodaj etykietę
Nie ma etykietki, Dołącz pierwszą etykiete!
|
MARC
| LEADER | 00000nam a2200000 a 4500 | ||
|---|---|---|---|
| 001 | UCT7298 | ||
| 003 | CL-VaPUC | ||
| 008 | 970117e19790000SP |||||||||||||||||spa|d | ||
| 082 | 0 | 4 | |a 121 |b VER |2 21 |
| 100 | 0 | |a Verneaux, Roger |e author |9 378219 | |
| 245 | 1 | 0 | |a Epistemología general o crítica del conocimiento |
| 300 | |a 249 p | ||
| 942 | |c BK | ||
| 945 | |d 19970117 00:00:00 |a rbrito | ||
| 260 | |a Barcelona |b Herder |c 1979 | ||
| 650 | 0 | |a Epistemología |9 264994 | |
| 650 | 7 | |a EMPERISMO |2 CL-VaPUC |9 378220 | |
| 650 | 0 | |a Racionalismo |9 259116 | |
| 650 | 0 | |a Idealismo |9 265685 | |
| 650 | 0 | |a Realismo |9 259117 | |
| 583 | |a last modification |c 19970117 00:00:00 |k Rodrigo Vera | ||
| 490 | 0 | |a Curso de Filosofia Tomista, 2 | |
| 999 | |c 255930 |d 255928 | ||
| 952 | |0 0 |1 0 |4 0 |6 121_000000000000000_VER_1979 |7 0 |8 A |9 278424 |a BIBTEO |b BIBTEO |d 2019-11-19 |i 2010518 |o 121 VER 1979 |p 2010518 |r 2025-01-17 |w 2019-11-19 |y BK |k ICR | ||
| 952 | |0 0 |1 0 |4 0 |6 121_000000000000000_VER_1979 |7 0 |8 A |9 278425 |a BIBTEO |b BIBTEO |d 2019-11-19 |i 2010526 |o 121 VER 1979 |p 2010526 |r 2025-01-17 |w 2019-11-19 |y BK |k ICR | ||